000 00830nam a22002297a 4500
999 _c178729
_d178729
005 20210412141722.0
010 _aENG-129437
020 _c795.00
_a978-93-88016-67-4
035 _aEN-112969
037 _bDBAD/PUB
082 _a371.9
100 _aJasmer Singh
245 _aHandbook on Special Education and Children With Special Needs/
_bJasmer Singh, et. al.
260 _aNew Delhi
_bNeelkamal Publications
_c2019
270 _a4764/1, 23, Ansari Road, Daryaganj
_bNew Delhi
_e110002
_k011-23244237, 98118-28953
_mneelkamalbooks@gmail.com
300 _axviii+498p.
_c24cm(pbk)
_bincluding illustrations, Bibliographical references and index.
700 _aJasmer Singh
700 _aG. Sri Krishna
700 _aMishra, Premananda
700 _aReddy, K. Srinivas
942 _2ddc
_cEN
_h371.9
_mHAN